| 000 | 00578nam a22001937a 4500 | ||
|---|---|---|---|
| 003 | OSt | ||
| 005 | 20220107122721.0 | ||
| 008 | 130826b xxu||||| |||| 00| 0 eng d | ||
| 020 | _a9781591397618 | ||
| 040 | _cIIITM-K | ||
| 082 | _a658.403 HAR/D | ||
| 100 |
_aHarvard Business School _92084 |
||
| 245 |
_aHarvard Business essentials: _bDecision making, 5 steps to better results _cby Harvard Business School |
||
| 260 |
_aBoston, _bHarvard Business School, _c2005. |
||
| 300 | _axiv, 168p. | ||
| 650 |
_aMANAGEMENT _92085 |
||
| 650 |
_aDECISION MAKING _92086 |
||
| 942 |
_2ddc _cBK |
||
| 999 |
_c3306 _d3306 |
||